000 00279nam a22001217a 4500
008 181123b xxu||||| |||| 00| 0 eng d
041 _aeng
080 _a043.3
100 _a0
101 _aMTH-MEK
245 _aMaterialet Qeramike te Avancuara
_cBerisha, Xh
942 _2udc
_cBK
999 _c52458
_d52458